| 000 | 00425nam a2200169 4500 | ||
|---|---|---|---|
| 003 | SEACOMEC | ||
| 005 | 20240227125741.0 | ||
| 008 | 240227b |||||||| |||| 00| 0 eng d | ||
| 020 | _cRs.79.00 | ||
| 040 | _aSEACOMEC | ||
| 082 |
_a004.35 _bR161 |
||
| 100 | _aRajaraman,V. | ||
| 245 | 1 |
_aElements of parallel computing _cV. Rajaraman |
|
| 260 |
_aNew Delhi _bPrentice Hall _c2004 |
||
| 650 | _aComputer science, | ||
| 942 | _cBOOK | ||
| 999 |
_c705 _d705 |
||